Accounting Information Systems (Record no. 2756)

MARC details
005 - DATE AND TIME OF LATEST TRANSACTION
control field 20250528074403.0
020 ## - INTERNATIONAL STANDARD BOOK NUMBER
International Standard Book Number 0-13-147591-6
082 ## - DEWEY DECIMAL CLASSIFICATION NUMBER
Classification number LECT 657.028 ROM
100 ## - MAIN ENTRY--PERSONAL NAME
Author name ROMNEY, M
245 ## - TITLE STATEMENT
Title Accounting Information Systems
250 ## - EDITION STATEMENT
Edition statement 10th Ed.
260 ## - PUBLICATION, DISTRIBUTION, ETC.
Place of publication, distribution, etc. New Jersey,
Name of publisher, distributor, etc. Pearson,
Date of publication, distribution, etc. 2006.
300 ## - PHYSICAL DESCRIPTION
Extent xxiii, 805p.: ill.; figure, table.
Other physical details Glossary & Index.
Dimensions 28cm.
700 ## - ADDED ENTRY--PERSONAL NAME
Other authors/Editors STEINBART, P
856 ## - ELECTRONIC LOCATION AND ACCESS
Link text Access Online Book
Electronic name Accounting Information Systems
Path www.prenhall.com
942 ## - ADDED ENTRY ELEMENTS (KOHA)
Source of classification or shelving scheme Dewey Decimal Classification
Koha item type Books
Holdings
Date last seen Total checkouts Full call number Barcode Cost, replacement price Price effective from Koha item type Lost status Source of classification or shelving scheme Damaged status Not for loan Withdrawn status Home library Current library Shelving location Date acquired Cost, normal purchase price Source of acquisition
06/27/2025   LECT 657.1 ROM DOM000353 165000.00 05/28/2025 Books   Dewey Decimal Classification       CBE Dodoma CBE Dodoma General Collection 11/28/2014 55000.00 Library budget
06/29/2025   657.3 MAR DOM000449 165000.00 06/29/2025 Books   Dewey Decimal Classification       CBE Dodoma CBE Dodoma General Collection 11/28/2014 55000.00  
05/28/2025   LECT 657.028 ROM 00000010308 165000.00 05/28/2025 Books   Dewey Decimal Classification       College of Business Education Main Library College of Business Education Main Library General Collection 11/28/2014 55000.00